Richard Cantillon; (Record no. 23033)
[ view plain ]
| 000 -LEADER | |
|---|---|
| fixed length control field | 00647cam a22002291 4500 |
| 001 - CONTROL NUMBER | |
| control field | f 01003275 |
| 003 - CONTROL NUMBER IDENTIFIER | |
| control field | DLC |
| 005 - DATE AND TIME OF LATEST TRANSACTION | |
| control field | 20260227111246.0 |
| 008 - FIXED-LENGTH DATA ELEMENTS--GENERAL INFORMATION | |
| fixed length control field | 800502s1900 fr b 000 0 fre |
| 010 ## - LIBRARY OF CONGRESS CONTROL NUMBER | |
| LC control number | f 01003275 |
| 035 ## - SYSTEM CONTROL NUMBER | |
| System control number | (OCoLC)6273545 |
| 040 ## - CATALOGING SOURCE | |
| Original cataloging agency | DLC |
| Transcribing agency | TxCM |
| Modifying agency | TxCM |
| -- | DLC |
| 042 ## - AUTHENTICATION CODE | |
| Authentication code | premarc |
| 050 00 - LIBRARY OF CONGRESS CALL NUMBER | |
| Classification number | HB105.C3 |
| Item number | L4 |
| 100 1# - MAIN ENTRY--PERSONAL NAME | |
| Personal name | Legrand, Robert. |
| 245 10 - TITLE STATEMENT | |
| Title | Richard Cantillon; |
| Remainder of title | un mercantiliste précurseur des physiocrates. |
| 260 ## - PUBLICATION, DISTRIBUTION, ETC. | |
| Place of publication, distribution, etc. | Paris, |
| Name of publisher, distributor, etc. | V. Giard & Brière, |
| Date of publication, distribution, etc. | 1900. |
| 300 ## - PHYSICAL DESCRIPTION | |
| Extent | viii, 168 p. |
| Dimensions | 25 cm. |
| 504 ## - BIBLIOGRAPHY, ETC. NOTE | |
| Bibliography, etc. note | "Bibliographie": p. [v]-vi. |
| 600 10 - SUBJECT ADDED ENTRY--PERSONAL NAME | |
| Personal name | Cantillon, Richard, |
| Dates associated with a name | -1734. |
| 650 #0 - SUBJECT ADDED ENTRY--TOPICAL TERM | |
| Topical term or geographic name entry element | Economics. |
No items available.